Statistics for Family Friendly Movies by Clue

Click here to take the quiz!

General Stats

  • This quiz has been taken 126 times
    (115 since last reset)
  • The average score is 11 of 15

Answer Stats

HintAnswer% Correct
friendly mice, beautiful dress, pumpkin carriageCinderella
93%
minions, so fluffy I could die, bananasDespicable Me
93%
cowboy, spaceman, slinky dogToy Story
90%
donkey, princess who changes, swampShrek
89%
army, sword, ChinaMulan
85%
library, talking candleholder, crazy old MauriceBeauty and the Beast
83%
jungle, gorillas, ClaytonTarzan
83%
ice castle, chocolate, Big Summer BlowoutFrozen
82%
voices, evil octopus, dinglehopperLittle Mermaid
81%
P Sherman, Bubbles!!!!, DarlaFinding Nemo
66%
vikings, Burke, Night furyHow to Train Your Dragon
63%
books, magic, TrunchbullMatilda
62%
Watch out for that tree, ape, UrsulaGeorge of the Jungle
50%
kragle, wild west, Cloud Cukoo LandLego
32%
Mother Willow, Flit, Just around the River BendPocahontas
18%

Score Distribution

Percentile by Number Answered

Percent of People with Each Score

Your Score History

You have not taken this quiz since the last reset